| 000 | 00601nam a2200193 a 4500 | ||
|---|---|---|---|
| 001 | 3481 | ||
| 005 | 20140414131852.0 | ||
| 008 | 040715s19uu xx 00 eng d | ||
| 020 | _a81-7582-042-X | ||
| 050 |
_aM 611 _bH88 2001 |
||
| 100 | _aSunita, Jayanthi A. | ||
| 245 |
_aThe human body / _cwriters Jayanthi A. Sunita Purushothaman & Vimal Sardana. |
||
| 260 |
_aNew Delhi, India : _bBluebird Books, _c2001. |
||
| 300 | _a48 p. : ill. ; cm. | ||
| 440 | _aThe Child's Reference | ||
| 650 |
_aHuman anatomy _xJuvenile literature. |
||
| 650 |
_aHuman body _xJuvenile literature. |
||
| 999 |
_c110245 _d110245 |
||